The nutcracker mice / (Record no. 49554)
| 000 -LEADER | |
|---|---|
| fixed length control field | 00308nam a2200109 4500 |
| 020 ## - INTERNATIONAL STANDARD BOOK NUMBER | |
| International Standard Book Number | 9781536215762 |
| 100 ## - MAIN ENTRY--PERSONAL NAME | |
| Personal name | Kladstrup, Kristin |
| 9 (RLIN) | 51482 |
| 245 ## - TITLE STATEMENT | |
| Title | The nutcracker mice / |
| Statement of responsibility, etc | Kristin Kladstrup & Brett Helquist |
| 260 ## - PUBLICATION, DISTRIBUTION, ETC. (IMPRINT) | |
| Place of publication, distribution, etc | USA |
| Name of publisher, distributor, etc | Candlewick Press |
| Date of publication, distribution, etc | 2017 |
| 300 ## - PHYSICAL DESCRIPTION | |
| Extent | 315 p. |
| Other physical details | ill. |
| Dimensions | 21 cm. |
| 942 ## - ADDED ENTRY ELEMENTS (KOHA) | |
| Source of classification or shelving scheme | |
| Koha item type | Book |
| Withdrawn status | Lost status | Source of classification or shelving scheme | Damaged status | Not for loan | Home library | Current library | Shelving location | Date acquired | Total Checkouts | Full call number | Barcode | Date last seen | Date checked out | Price effective from | Koha item type |
|---|---|---|---|---|---|---|---|---|---|---|---|---|---|---|---|
| Asian Hope Primary Library | Asian Hope Primary Library | Junior Fiction | 09/11/2025 | 2 | J FIC KLA | 208854 | 02/23/2026 | 01/15/2026 | 09/11/2025 | Book |